banner koha

Anatomia e segmentação pulmonar de tamanduá-bandeira (Myrmecophaga tridactyla – Linnaeus, 1758) de vida livre (Registro n. 330300)

MARC details
000 -LÍDER
fixed length control field 03845nab a2200301 i 4500
003 - CÓDIGO MARC DA AGÊNCIA CATALOGADORA
Campo de controle BR-BrBNA
005 - DATA E HORA DA ÚLTIMA ATUALIZAÇÃO
Campo de controle 20250310145940.0
008 - CAMPO DE TAMANHO FIXO
fixed length control field 250310b2017 bl.|r|pooa||| 00| 0 por |
040 ## - FONTE DA CATALOGAÇÃO
Agência catalogadora BR-BrBNA
Idioma da catalogação por
072 ## - CATEGORIA AGRIS
Código AGRIS L40
Código do objeto 8891
100 ## - ENTRADA PRINCIPAL - NOME PESSOAL
Nome pessoal Giraldi, A.C.C.
100 ## - ENTRADA PRINCIPAL - NOME PESSOAL
Nome pessoal Aires, L.P.N.
100 ## - ENTRADA PRINCIPAL - NOME PESSOAL
Nome pessoal Rodrigues, R.F.
100 ## - ENTRADA PRINCIPAL - NOME PESSOAL
Nome pessoal Cruvinel, T.M.A.
100 ## - ENTRADA PRINCIPAL - NOME PESSOAL
Nome pessoal Melo, A.P.F.
245 ## - TÍTULO PRINCIPAL
Título principal Anatomia e segmentação pulmonar de tamanduá-bandeira (Myrmecophaga tridactyla – Linnaeus, 1758) de vida livre
500 ## - NOTA GERAL
Nota geral <br/>Publicação online; 35 ref.; 2 illus.; Summaries (En, Pt)
942 ## - ADDED ENTRY ELEMENTS (KOHA)
Koha item type Analítica
520 ## - NOTA DE RESUMO
Nota de conteúdo <br/><br/><br/>RESUMO - O presente trabalho utilizou oito pulmões de tamanduá-bandeira (Myrmecophaga tridactyla), jovens e adultos, de ambos os sexos, provenientes do Setor de Atendimento Clínico Cirúrgico de Animais Selvagens (SACCAS), do Hospital Veterinário “Dr. Halim Atique“ Unirp, localizado na cidade de São José do Rio Preto, estado de São Paulo. Os animais foram encaminhados ao Laboratório de Anatomia Veterinária, onde se procedeu à separação dos órgãos, à lavagem em água corrente e à retirada do excesso de sangue, para serem fixados em formol a 10%. Após a fixação dos pulmões, estes foram dissecados para identificar os segmentos. Os animais apresentaram lobação pulmonar à direita em cranial, médio, caudal e acessório, sendo o lobo cranial dividido em partes cranial e caudal. A lobação pulmonar à esquerda apresentou cranial e caudal em 100% dos animais. Por sua vez, o lobo cranial, em 87,5%, dividiu-se em partes cranial e caudal, e em 12,5% não houve divisão. O pulmão direito apresentou maior tamanho do que o pulmão esquerdo. A árvore brônquica apresentou os brônquios principais direito e esquerdo, os quais se ramificam em brônquios lobares, que dão origem aos segmentos bronquiopulmonares. Em relação à segmentação bronquiopulmonar, foram observadas, à direita, de 14 (12,5%) a 18 segmentos (25%) e, à esquerda, de 10 (25%) a 30 segmentos (12,5%).<br/><br/><br/>Palavras-chave: tamanduá-bandeira, pulmão, segmentação
520 ## - NOTA DE RESUMO
Nota de conteúdo <br/><br/><br/>ABSTRACT - The study used eight lungs of giant anteaters (Myrmecophaga tridactyla), youth and adults of both sexes, from the Clinical Surgical Care Industry Wildlife (SACCAS), Veterinary Hospital "Dr. Halim Atique "- Unirp, located in the city of São José do Rio Preto, São Paulo. The animals were sent to the Veterinary Anatomy Laboratory, where organs were separated and washed under running waterto remove excess blood, then fixed in 10% formalin. After fixation, lungs were dissected to identify the segments. The animals have pulmonary lobations right cranial, middle, caudal and accessory; and the cranial lobe divided into cranial and caudal parts. Pulmonary lobation in the left cranial and caudal form were present in 100% of animals. The cranial lobe was evident in 87.5%, divided into cranial and caudal part, and 12.5% with no division. The right lung was shown to be larger than the left lung. Bronchial tree presented the main right and left bronchial tubes that branch into lobar bronchi that give rise to bronquiopulmonares segments. In relation to bronquiopulmonar targeting, 14 (12.5%) to 18 right segments (25%) and 10 (25%) to 30 (12.5%) left segments.<br/><br/><br/>Keywords: giant anteaters, lung, segmentation
650 ## - ASSUNTO - THESAGRO
Cabeçalho tópico ou nome geográfico TAMANDUÁ
650 ## - ASSUNTO - THESAGRO
Cabeçalho tópico ou nome geográfico ANIMAL SELVAGEM
650 ## - ASSUNTO - THESAGRO
Cabeçalho tópico ou nome geográfico PULMÃO
650 ## - ASSUNTO - THESAGRO
Cabeçalho tópico ou nome geográfico ANATOMIA ANIMAL
773 0# - ENTRADA ANALÍTICA
Host Biblionumber 1643
Registro do item 348913
Imprenta Belo Horizonte-MG Universidade Federal de Minas Gerais - Escola de Veterinaria 1983
Outro identificador 2025-1430
Título Arquivo Brasileiro de Medicina Veterinária e Zootecnia (Brazil)
ISSN 0102-0935
Colação v. 69(1) p. 22-28; (2017)
Número de controle de registro BR2024004656
856 ## - ACESSO E ENDEREÇO ELETRÔNICO
Identificador uniforme de recurso - URI https://www.scielo.br/j/abmvz/a/rmDfHQSGjJhPjPnskMVfWsR/?format=pdf&lang=pt

Nenhum exemplar disponível.

BINAGRI

Telefone: (61)3218-2567/2388/3357/2097 - binagri@agro.gov.br

Ministério da Agricultura e Pecuária , Esplanada dos Ministérios, Bloco D, Anexo B, Brasília/DF, CEP: 70.043-900